Electricidad solar fotovoltaica/ (Registro nro. 322772)
[ vista simple ]
| 000 -ENCABEZADO | |
|---|---|
| Número de control [NR] | 01057nam a22002417a 4500 |
| 005 - FECHA Y HORA DE LA ÚLTIMA TRANSACCIÓN | |
| control field | 20230608111429.0 |
| 008 - DE LONGITUD FIJA DE DATOS DE ELEMENTOS - INFORMACIÓN GENERAL | |
| Elementos de longitud fija [NR] | 230608b ||||| |||| 00| 0 eng d |
| 020 ## - NUMERO INTERNACIONAL NORMALIZADO PARA LIBROS [R] | |
| Número Internacional Normalizado del libro [NR] | 84-95693-29-1 (obra completa) |
| 020 ## - NUMERO INTERNACIONAL NORMALIZADO PARA LIBROS [R] | |
| Número Internacional Normalizado del libro [NR] | 978-84-95693-29-7 (obra completa) |
| 020 ## - NUMERO INTERNACIONAL NORMALIZADO PARA LIBROS [R] | |
| Número Internacional Normalizado del libro [NR] | 84-95693-30-5 (volumen 1) |
| 020 ## - NUMERO INTERNACIONAL NORMALIZADO PARA LIBROS [R] | |
| Número Internacional Normalizado del libro [NR] | 84-95693-31-3 (volumen 2) |
| 020 ## - NUMERO INTERNACIONAL NORMALIZADO PARA LIBROS [R] | |
| Número Internacional Normalizado del libro [NR] | 978-84-95693-32-7 (volumen 3) |
| 040 ## - FUENTE DE CATALOGACION [NR] | |
| Agencia de catalogación original [NR] | CO-BoUCM |
| Quien Cataloga | David Moreno |
| Quien Clasifica | David Moreno |
| 041 ## - CODIGO DE IDIOMA [R] | |
| Código de idioma para texto/pista de sonido o título separado [R] | Español |
| 100 1# - ASIENTO PRINCIPAL--NOMBRE PERSONAL [NR] | |
| Nombre personal [NR] | Lorenzo Pigueiras, Eduardo. |
| ID Autoridad | 177974 |
| 245 1# - MENCION DE TITULO [NR] | |
| Título [NR] | Electricidad solar fotovoltaica/ |
| Mención de responsabilidad, etc. [NR] | Eduardo, Lorenzo Pigueiras |
| 260 ## - PUBLICACION, DISTRIBUCION, ETC. (PIE DE IMPRENTA) [R] | |
| Lugar de publicación, distribución, etc. [R] | Mairena de Aljarafe (Sevilla) |
| Nombre del editor, distribuidor, etc. [R] | PROGENSA |
| Fecha de publicación, distribución, etc. [R] | 2014 |
| 300 ## - DESCRIPCION FISICA [R] | |
| Extensión [R] | 297 Paginas |
| Otros detalles físicos [NR] | ilustraciones, graficas |
| 505 ## - NOTA DE CONTENIDO CON FORMATO PREESTABLECIDO [R] | |
| Mención de responsabilidad [R] | I. Sobre el papel de la energía en la historia (199 p.). -- v. II. Radiación solar y dispositivos fotovoltaicos (252 p.). -- v. III. Ingeniería fotovoltaica (297 p.) |
| 650 1# - ASIENTO SECUNDARIO DE MATERIA - TERMINO TEMATICO [R] | |
| Término temático o nombre geográfico como elemento de entrada [NR] | Energía solar |
| Subdivisión de forma [R] | Energia termica solar |
| Subdivisión general [R] | Recursos energéticos |
| 9 (RLIN) | 177975 |
| 942 ## - ELEMENTOS DE ENTRADA AGREGADOS (KOHA) | |
| Sistema de clasificación | DEWEY |
| Tema principal | Ciencias aplicadas |
| Tipo de ítem principal el descrito en 300a | Libro |
| Edición | 1 |
| Clasificación | 621.47 |
| Parte restante de la signatura top. | L869 |
| Título oculto en OPAC | No |
| Fecha de último préstamo | Total préstamos | Total Renewals | Signatura topográfica | Código de barras | Última vez visto | Volúmen / Fascículo | Ejemplar | Costo de reposición | Price effective from | Tipo de ítem | Perdido | Sistema de clasificación | Dañado | No prestable | Tipo de ítem específico | Suprimido | Ubicación habitual | Ubicación actual | Localización | Fecha de creación | Forma de adquisición | Costo |
|---|---|---|---|---|---|---|---|---|---|---|---|---|---|---|---|---|---|---|---|---|---|---|
| 31/07/2023 | 4 | 3 | 621.47 L869 | 100171426 | 04/12/2025 | Vol. 3 | Ej.1 | 721776.00 | 08/06/2023 | Libro de reserva | DEWEY | Libro de reserva | Claustro | Claustro | 4to piso | 08/06/2023 | Compra | 721776.00 | ||||
| 621.47 L869 | 100171456 | 05/12/2025 | Vol. 1 | Ej. 1 | 257904.00 | 30/06/2023 | Libro de Reserva | DEWEY | Libro de Reserva | Claustro | Claustro | 2do piso | 30/06/2023 | Compra | 257904.00 | |||||||
| 621.47 L869 | 100171447 | 03/02/2026 | Vol. 2 | Ej.1 | 528096.00 | 30/06/2023 | Libro de Reserva | DEWEY | Libro de Reserva | Claustro | Claustro | 2do piso | 30/06/2023 | Compra | 528096.00 |